Aspectos económicos de la campaña electoral (II)

Αποθηκεύτηκε σε:
Λεπτομέρειες βιβλιογραφικής εγγραφής
Μορφή: Κείμενο
Θέματα:
Ετικέτες: Προσθήκη ετικέτας
Δεν υπάρχουν, Καταχωρήστε ετικέτα πρώτοι!

MARC

LEADER 00000 a a2200000 04500
001 6645
003
040
245 |a Aspectos económicos de la campaña electoral (II)  
650 |a PARTIDOS POLITICOS  
650 |a POLITICA ECONOMICA  
650 |a POLITICA SOCIAL  
773 |g volumen 23, número 1039; páginas 8-9  
999 |c 26612  |d 26612